| 000 | 00812nam a2200241 a 4500 | ||
|---|---|---|---|
| 001 | |||
| 003 | DO-SdBNP | ||
| 005 | 20210602112504.0 | ||
| 008 | 110201s19781983 dr 000 0 spa d | ||
| 040 |
_aBPMSU _bspa _cBPMSU |
||
| 082 |
_a972.9303 _bU92n _222 |
||
| 100 | 1 |
_aUtrera, Cipriano de, _d1886-1958 |
|
| 245 | 1 | 0 |
_aNoticias históricas de Santo Domingo / _cCipriano de Utrera ; edición Emilio Rodríguez Demorizi. |
| 260 |
_aSanto Domingo : _bFundación Rodríguez Demorizi, _c1978-1983. |
||
| 300 |
_av. ; _c23 cm. |
||
| 500 | _aIncluye índice de personas, lugares y materias. | ||
| 500 | _a | ||
| 590 | _aInventariado, 2021/VM | ||
| 651 | 4 |
_aRepública Dominicana _xHistoria _yColonia, 1503-1795 _vFuentes |
|
| 700 | 2 |
_aRodríguez Demorizi, Emilio, _d1908-1986 _eed. |
|
| 910 | _aVMateo | ||
| 942 |
_2ddc _cBK |
||
| 999 |
_c13551 _d13551 |
||